| 000 | 00438 a2200169 4500 | ||
|---|---|---|---|
| 001 | 067024 | ||
| 003 | OSt | ||
| 005 | 20211025172629.0 | ||
| 008 | |||
| 082 |
_a823.914 _bR89J |
||
| 100 | 1 | _aRushdie, Salman | |
| 245 | 1 |
_aThe jaguar smile _cby Salman Rushdie |
|
| 260 |
_aLondon _bVintage _c2007 |
||
| 300 | _a137p. | ||
| 690 | _aNicaragua; Travel; Rushdie, Salman; Social conditions | ||
| 942 |
_2ddc _cBK |
||
| 999 |
_c1012 _d1012 |
||